The centennial of engineering education, 1856-1956.

Bibliographic Details
Corporate Author: University of Missouri. College of Engineering
Format: Book
Language:English
Published: Columbia, [publisher not identified] ; [1957]
Series:University of Missouri bulletin ; v. 58, no. 4. General series, 1957, no. 3.
Subjects:

MARC

Tag First Indicator Second Indicator Subfields
LEADER 00000cam a2200000I 4500
001 in00000045577
005 20151007073144.0
008 800609s1957 mouac 000 0 eng d
010 |a  56063558  
035 |a (OCoLC)06399905 
035 |9 AAE9229AM 
040 |a TXA  |c TXA  |d UtOrBLW 
049 |a TXAM 
050 4 |a T73  |b .U54 
092 |a 620.71  |b M678c 
110 2 |a University of Missouri.  |b College of Engineering. 
245 1 4 |a The centennial of engineering education, 1856-1956. 
264 1 |a Columbia,  |b [publisher not identified] ;  |c [1957] 
300 |a 112 pages :  |b illustrations, portraits ;  |c 23 cm. 
336 |a text  |b txt  |2 rdacontent 
337 |a unmediated  |b n  |2 rdamedia 
338 |a volume  |b nc  |2 rdacarrier 
490 1 |a University of Missouri bulletin,  |v v. 58, no. 4. General series, 1957, no. 3 
650 0 |a Engineering  |x Study and teaching  |z United States. 
830 0 |a University of Missouri bulletin ;  |v v. 58, no. 4. General series, 1957, no. 3. 
994 |a E0  |b TXA 
999 |a MARS 
999 f f |s 9719f2cc-0b22-35a3-b6fd-a6e1e340aa3d  |i b8221934-3c66-3a25-9a77-a94c727de6ad  |t 0 
952 f f |p ric  |a Texas A&M University  |b Rellis Campus  |c Joint Library Facility  |d Remote Storage  |t 0  |e T73 .U54  |h Library of Congress classification  |i unmediated -- volume  |m A14801032829 
998 f f |a T73 .U54  |t 0  |l Remote Storage